[Event "Skalica op-A"]
[Site "Skalica"]
[Date "2023.08.24"]
[Round "6"]
[White "Tomaszewski, Roman"]
[Black "Babula, Matej"]
[Result "1-0"]
[WhiteElo "2187"]
[BlackElo "1893"]
[PlyCount "103"]
[EventDate "2023.08.19"]
[EventType "swiss"]
[EventRounds "9"]
[EventCountry "SVK"]
[SourceTitle "CBM 215 Extra"]
[Source "ChessBase"]
[SourceDate "2023.09.30"]
[SourceVersion "1"]
[SourceVersionDate "2023.09.30"]
[SourceQuality "1"]

1. d4 Nf6 2. c4 e6 3. Nc3 d5 4. Nf3 Be7 5. Bg5 0-0 6. e3 h6 7. Bh4 b6 8. cxd5 exd5 9. Qb3 Be6 10. Rd1 Nbd7 11. Qc2 c5 12. dxc5 bxc5 13. Be2 Nb6 14. 0-0 Qc8 15. e4 d4 16. e5 Nfd5 17. Nxd5 Nxd5 18. Bxe7 Nxe7 19. Rc1 Bf5 20. Bd3 Bxd3 21. Qxd3 Qb7 22. Rxc5 Qxb2 23. Rc2 Qb6 24. Qxd4 Qxd4 25. Nxd4 Rfd8 26. Nf3 Rac8 27. Rb2 Rb8 28. Re2 Nc6 29. g3 Nd4 30. Nxd4 Rxd4 31. Rc1 Rb7 32. Rc3 Ra4 33. a3 Rb1+ 34. Kg2 Ra1 35. Rc8+ Kh7 36. Rc7 R1xa3 37. Rxf7 Ra2 38. Re3 R2a3 39. Rxa3 Rxa3 40. f4 Ra2+ 41. Kh3 a5 42. Ra7 a4 43. g4 Kg8 44. e6 Kf8 45. f5 Ra3+ 46. Kh4 Ra2 47. h3 Ra3 48. Kh5 Rxh3+ 49. Kg6 a3 50. Rf7+ Ke8 51. Rxg7 Rg3 52. Kf6 1-0

[Event "Stare Mesto op"]
[Site "Stare Mesto"]
[Date "2023.08.12"]
[Round "8"]
[White "Kraus, Tomas"]
[Black "Tomaszewski, Roman"]
[Result "1-0"]
[WhiteElo "2480"]
[BlackElo "2187"]
[PlyCount "59"]
[EventDate "2023.08.05"]
[EventType "swiss"]
[EventRounds "9"]
[EventCountry "CZE"]
[SourceTitle "EXT 2024"]
[Source "ChessBase"]
[SourceDate "2023.10.10"]
[SourceVersion "1"]
[SourceVersionDate "2023.10.10"]
[SourceQuality "1"]

1. e4 c6 2. c4 d5 3. exd5 cxd5 4. d4 Nf6 5. Nc3 g6 6. cxd5 Nxd5 7. Bc4 Nb6 8. Bb3 Bg7 9. Nf3 0-0 10. 0-0 Nc6 11. d5 Na5 12. h3 Nxb3 13. axb3 Bd7 14. Re1 Re8 15. Bg5 h6 16. Be3 Nc8 17. Qd2 Kh7 18. Ne4 Nd6 19. Nc5 Bc8 20. Nd4 Nf5 21. Nxf5 gxf5 22. Ra4 e5 23. d6 Bd7 24. Nxb7 Qf6 25. f3 a6 26. Rc4 Rec8 27. Rc7 Rxc7 28. dxc7 Bc8 29. Nd8 f4 30. Qd5 1-0

[Event "Stare Mesto op"]
[Site "Stare Mesto"]
[Date "2023.08.06"]
[Round "2"]
[White "Tomaszewski, Roman"]
[Black "Beinhauer, Bernard"]
[Result "1/2-1/2"]
[WhiteElo "2187"]
[BlackElo "1698"]
[PlyCount "62"]
[EventDate "2023.08.05"]
[EventType "swiss"]
[EventRounds "9"]
[EventCountry "CZE"]
[SourceTitle "EXT 2024"]
[Source "ChessBase"]
[SourceDate "2023.10.10"]
[SourceVersion "1"]
[SourceVersionDate "2023.10.10"]
[SourceQuality "1"]

1. Nf3 d5 2. d4 Nf6 3. e3 c5 4. c3 e6 5. Ne5 Be7 6. Bd3 0-0 7. 0-0 b6 8. a4 Ba6 9. Bxa6 Nxa6 10. Nc6 Qc7 11. Nxe7+ Qxe7 12. b3 Nb8 13. Ba3 Rc8 14. Nd2 Qc7 15. Rc1 Nbd7 16. Re1 Rd8 17. c4 dxc4 18. Rxc4 Qb7 19. dxc5 Nxc5 20. Bxc5 bxc5 21. Qc2 Rac8 22. Rc1 h6 23. b4 Nd7 24. Ne4 Ne5 25. Nxc5 Qb6 26. a5 Qb5 27. Rd4 Rxd4 28. exd4 Nc6 29. Nd3 Ne7 30. Qd2 Rxc1+ 31. Nxc1 Qc4 1/2-1/2

[Event "POL-chT 1st League"]
[Site "Sypniewo"]
[Date "2022.09.11"]
[Round "9.2"]
[White "Tomaszewski, Roman"]
[Black "Polok, Kacper"]
[Result "1-0"]
[WhiteElo "2189"]
[BlackElo "2274"]
[PlyCount "92"]
[EventDate "2022.09.03"]
[EventType "team-swiss"]
[EventRounds "9"]
[EventCountry "POL"]
[SourceTitle "CBM 210 Extra"]
[Source "ChessBase"]
[SourceDate "2022.11.30"]
[SourceVersion "1"]
[SourceVersionDate "2022.11.30"]
[SourceQuality "1"]
[WhiteTeam "Podlesie UKS 21"]
[BlackTeam "Raciborz Silesia"]
[WhiteTeamCountry "POL"]
[BlackTeamCountry "POL"]

1. d4 e6 2. c4 f5 3. g3 Nf6 4. Bg2 d5 5. Nd2 c6 6. Nh3 Bd6 7. 0-0 0-0 8. Nf4 g5 9. Nd3 g4 10. Qc2 Nbd7 11. e3 Ne4 12. Nf4 Ndf6 13. b3 Bd7 14. Bb2 Qe7 15. a4 Be8 16. Nb1 Ng5 17. Ba3 Bxa3 18. Nxa3 Nfe4 19. Nb1 h5 20. Nd2 h4 21. gxh4 Nxd2 22. Qxd2 Ne4 23. Qe1 Rf6 24. f3 gxf3 25. Bxf3 Rh6 26. h5 Bf7 27. cxd5 cxd5 28. Rc1 e5 29. dxe5 Qxe5 30. Kh1 d4 31. Nd3 Qd6 32. exd4 Re8 33. Ne5 Bd5 34. Qe3 Qf6 35. Rg1+ Kh7 36. Rg6 Rxg6 37. hxg6+ Kg7 38. b4 f4 39. Qe2 Rxe5 40. dxe5 Qxe5 41. Kg2 Kxg6 42. Re1 Kf5 43. Bxe4+ Bxe4+ 44. Qxe4+ Qxe4+ 45. Rxe4 Kxe4 46. h4 Kd5 1-0

[Event "POL-chT 1st League"]
[Site "Sypniewo"]
[Date "2022.09.08"]
[Round "6.7"]
[White "Adamczewski, Maciej"]
[Black "Tomaszewski, Roman"]
[Result "1/2-1/2"]
[WhiteElo "2028"]
[BlackElo "2189"]
[PlyCount "96"]
[EventDate "2022.09.03"]
[EventType "team-swiss"]
[EventRounds "9"]
[EventCountry "POL"]
[SourceTitle "CBM 210 Extra"]
[Source "ChessBase"]
[SourceDate "2022.11.30"]
[SourceVersion "1"]
[SourceVersionDate "2022.11.30"]
[SourceQuality "1"]
[WhiteTeam "Strzelce Opolskie Strzelec"]
[BlackTeam "Podlesie UKS 21"]
[WhiteTeamCountry "POL"]
[BlackTeamCountry "POL"]

1. d4 Nf6 2. Nf3 g6 3. Nbd2 Bg7 4. e3 0-0 5. Be2 b6 6. 0-0 c5 7. c4 cxd4 8. Nxd4 Bb7 9. b3 Nc6 10. Bb2 Rc8 11. Bf3 Qc7 12. Nxc6 Bxc6 13. Rc1 Rfd8 14. Qe2 Ng4 15. Bxg4 Bxb2 16. Rc2 Bg7 17. Rfc1 Qb7 18. Bf3 d6 19. g3 Rc7 20. Bxc6 Rxc6 21. Qd3 Rdc8 22. a4 a6 23. Nb1 Qc7 24. Na3 Qb7 25. Qe4 R6c7 26. Qxb7 Rxb7 27. Rd1 Kf8 28. Rd3 Ke8 29. Rcd2 e6 30. Kg2 Bf8 31. Nc2 b5 32. axb5 axb5 33. Na3 bxc4 34. bxc4 Ra8 35. Nb5 d5 36. e4 dxc4 37. Nd6+ Bxd6 38. Rxd6 Rc8 39. Rc2 Rd7 40. Rb6 h5 41. h4 Ke7 42. Kf3 f5 43. e5 Rc5 44. Rc3 Rxe5 45. Rxc4 Rd3+ 46. Kg2 Re2 47. Rf4 Kf6 48. Rf3 Rxf3 1/2-1/2

[Event "POL-chT 1st League"]
[Site "Szklarska Poreba"]
[Date "2021.09.10"]
[Round "7.3"]
[White "Tomaszewski, Roman"]
[Black "Redzisz, Michal"]
[Result "0-1"]
[WhiteElo "2193"]
[BlackElo "2219"]
[PlyCount "80"]
[EventDate "2021.09.04"]
[EventType "team-swiss"]
[EventRounds "9"]
[EventCountry "POL"]
[SourceTitle "CBM 204 Extra"]
[Source "ChessBase"]
[SourceDate "2021.11.30"]
[SourceVersion "1"]
[SourceVersionDate "2021.11.30"]
[SourceQuality "1"]
[WhiteTeam "Czestochowa Hetman"]
[BlackTeam "Jastrzebie Zdroj Pionier"]
[WhiteTeamCountry "POL"]
[BlackTeamCountry "POL"]

1. c4 e5 2. Nc3 d6 3. d4 exd4 4. Qxd4 Nc6 5. Qd2 Nf6 6. b3 g6 7. Bb2 Bg7 8. g3 Be6 9. Bg2 0-0 10. Nd5 a5 11. Nh3 Bxh3 12. Nxf6+ Bxf6 13. Bxh3 Re8 14. Bg2 a4 15. 0-0 Bxb2 16. Qxb2 a3 17. Qd2 Qf6 18. Rfd1 h5 19. h4 Re5 20. f4 Re7 21. Rac1 Qf5 22. e4 Qc5+ 23. Kh2 Rae8 24. Bf3 Kh7 25. Kg2 f5 26. exf5 Qxf5 27. Qd5 Qf6 28. Qd2 Re3 29. c5 dxc5 30. Rxc5 R8e7 31. Rd5 Kh6 32. Rc1 Qe6 33. Rcc5 Kg7 34. Rg5 Rxf3 35. Kxf3 Qe4+ 36. Kf2 Nd4 37. Rce5 Qf3+ 38. Kg1 Ne2+ 39. Rxe2 Rxe2 40. Qd7+ Kh6 0-1

[Event "POL-chT 1st League"]
[Site "Szklarska Poreba"]
[Date "2021.09.05"]
[Round "2.2"]
[White "Tomaszewski, Roman"]
[Black "Bartel, Michal"]
[Result "0-1"]
[WhiteElo "2193"]
[BlackElo "2181"]
[PlyCount "118"]
[EventDate "2021.09.04"]
[EventType "team-swiss"]
[EventRounds "9"]
[EventCountry "POL"]
[SourceTitle "CBM 204 Extra"]
[Source "ChessBase"]
[SourceDate "2021.11.30"]
[SourceVersion "1"]
[SourceVersionDate "2021.11.30"]
[SourceQuality "1"]
[WhiteTeam "Czestochowa Hetman"]
[BlackTeam "Wrzos Miedzyborow"]
[WhiteTeamCountry "POL"]
[BlackTeamCountry "POL"]

1. e4 e5 2. Nf3 Nc6 3. d4 exd4 4. Bc4 Nf6 5. e5 Ng4 6. 0-0 d6 7. exd6 Qxd6 8. Na3 a6 9. h3 Nf6 10. Ng5 Nd8 11. Bb3 b5 12. Qf3 Ra7 13. Bf4 Qd7 14. c3 c5 15. cxd4 c4 16. Bc2 Be7 17. Be5 Bb7 18. Ne4 Nxe4 19. Bxe4 Bxe4 20. Qxe4 0-0 21. Nc2 Nc6 22. Rad1 Rd8 23. Rfe1 Bf8 24. d5 Nxe5 25. Qxe5 Bd6 26. Qe4 Raa8 27. Nd4 Bb4 28. Rf1 Qxd5 29. Qxd5 Rxd5 30. Nc6 Rxd1 31. Rxd1 Bf8 32. Rd7 g6 33. Kf1 Rc8 34. Nd4 c3 35. bxc3 Rxc3 36. Nb3 Bb4 37. Ra7 Rc6 38. Ra8+ Kg7 39. g3 h5 40. h4 a5 41. Nxa5 Rc1+ 42. Kg2 Rc2 43. Nb3 Be1 44. Nd4 Rxf2+ 45. Kh3 b4 46. Re8 Bc3 47. Ne2 Ba1 48. Re3 Kf8 49. Re4 f5 50. Re3 Kf7 51. Nc1 Rc2 52. Nd3 Bc3 53. Nf4 Rxa2 54. Nd5 Bd4 55. Re7+ Kf8 56. Nxb4 Rb2 57. Nc6 Bg1 58. g4 hxg4+ 59. Kg3 Bh2# 0-1

[Event "Titled Tuesday intern op 13th Oct"]
[Site "Chess.com INT"]
[Date "2020.10.13"]
[Round "3"]
[White "Tomaszewski, Roman"]
[Black "Buksa, Nataliya"]
[Result "0-1"]
[WhiteElo "2186"]
[BlackElo "2410"]
[PlyCount "56"]
[EventDate "2020.10.13"]
[EventType "swiss (blitz)"]
[EventRounds "10"]
[EventCountry "USA"]
[SourceTitle "CBM 198 Extra"]
[Source "ChessBase"]
[SourceDate "2020.11.30"]
[SourceVersion "1"]
[SourceVersionDate "2020.11.30"]
[SourceQuality "1"]

1. c4 e6 2. Nc3 d5 3. d4 Be7 4. Nf3 Nf6 5. cxd5 exd5 6. Bf4 c6 7. e3 Bf5 8. Bd3 Bxd3 9. Qxd3 0-0 10. 0-0 Nbd7 11. h3 Nb6 12. Bh2 Bd6 13. Ne5 Re8 14. Rab1 Qe7 15. a3 Nfd7 16. Nxd7 Qxd7 17. Bxd6 Qxd6 18. Qc2 Nc4 19. Ra1 Re6 20. Ne2 Rae8 21. Nf4 Re4 22. Nd3 Rh4 23. Nf4 Qe7 24. g3 Rh6 25. h4 Nd6 26. Kg2 Ne4 27. f3 Nxg3 28. Kxg3 Qxh4+ 0-1

[Event "Titled Tuesday intern op 13th Oct"]
[Site "Chess.com INT"]
[Date "2020.10.13"]
[Round "5"]
[White "Tomaszewski, Roman"]
[Black "Riline Orso, Alejandro"]
[Result "1-0"]
[WhiteElo "2186"]
[BlackElo "2143"]
[PlyCount "53"]
[EventDate "2020.10.13"]
[EventType "swiss (blitz)"]
[EventRounds "10"]
[EventCountry "USA"]
[SourceTitle "CBM 198 Extra"]
[Source "ChessBase"]
[SourceDate "2020.11.30"]
[SourceVersion "1"]
[SourceVersionDate "2020.11.30"]
[SourceQuality "1"]

1. c4 e6 2. Nc3 b6 3. e4 c5 4. g3 Bb7 5. Bg2 d6 6. Nge2 Nd7 7. 0-0 a6 8. d3 Qc7 9. f4 Ngf6 10. h3 Be7 11. g4 0-0 12. g5 Ne8 13. h4 f5 14. Ng3 g6 15. exf5 gxf5 16. Re1 Bxg2 17. Kxg2 Qc6+ 18. Kh2 Nc7 19. Rg1 e5 20. Qh5 exf4 21. Bxf4 Ne5 22. Bxe5 dxe5 23. g6 hxg6 24. Nxf5 Kf7 25. Qh7+ Kf6 26. Qxe7+ Kxf5 27. Raf1+ 1-0

[Event "Titled Tuesday intern op 13th Oct"]
[Site "Chess.com INT"]
[Date "2020.10.13"]
[Round "8"]
[White "Tomaszewski, Roman"]
[Black "Sergienko, Sergey"]
[Result "0-1"]
[WhiteElo "2186"]
[BlackElo "2335"]
[PlyCount "130"]
[EventDate "2020.10.13"]
[EventType "swiss (blitz)"]
[EventRounds "10"]
[EventCountry "USA"]
[SourceTitle "CBM 198 Extra"]
[Source "ChessBase"]
[SourceDate "2020.11.30"]
[SourceVersion "1"]
[SourceVersionDate "2020.11.30"]
[SourceQuality "1"]

1. c4 c5 2. Nc3 Nf6 3. g3 d5 4. cxd5 Nxd5 5. Bg2 Nc7 6. Qa4+ Nd7 7. Nf3 g6 8. 0-0 Bg7 9. d4 cxd4 10. Nxd4 0-0 11. Be3 Nb6 12. Qd1 Nc4 13. Rb1 Nxe3 14. fxe3 Rb8 15. Kh1 e6 16. Qa4 a6 17. Rbd1 Qe7 18. a3 Bd7 19. Qb4 Qxb4 20. axb4 Rfd8 21. Nb3 Be8 22. Nc5 b6 23. Nb7 Rxd1 24. Rxd1 Be5 25. Kg1 Kg7 26. Kf2 Nb5 27. Nxb5 Bxb5 28. Nd6 Ba4 29. Rd2 Kf8 30. b5 axb5 31. Bc6 Rd8 32. Ne4 Rxd2 33. Nxd2 Bxb2 34. Nc4 bxc4 35. Bxa4 Ke7 36. Ke1 Bc1 37. Bb5 c3 38. Kd1 Bxe3 39. Kc2 Bd4 40. Kd3 Bg7 41. h3 Kd6 42. g4 Kc5 43. Be8 f5 44. Bf7 Kd6 45. Bg8 h6 46. Bh7 fxg4 47. hxg4 h5 48. gxh5 gxh5 49. Be4 h4 50. Bg2 Kc5 51. Bh3 Kb4 52. Kc2 Kc5 53. Kd3 Kd6 54. e3 Be5 55. Bg4 Bf6 56. Kc2 b5 57. Kb3 Kc5 58. Bxe6 Bg5 59. Kc2 Bxe3 60. Kxc3 Bd4+ 61. Kd3 Bf6 62. Bh3 b4 63. Be6 Be7 64. Bh3 Kd6 65. Kc4 Ke5 0-1

[Event "Titled Tuesday intern op 29th Sept"]
[Site "Chess.com INT"]
[Date "2020.09.29"]
[Round "4"]
[White "Perez Rodriguez, Luis Manuel"]
[Black "Tomaszewski, Roman"]
[Result "1-0"]
[WhiteElo "2324"]
[BlackElo "2206"]
[PlyCount "83"]
[EventDate "2020.09.29"]
[EventType "swiss (blitz)"]
[EventRounds "10"]
[EventCountry "USA"]
[SourceTitle "CBM 198 Extra"]
[Source "ChessBase"]
[SourceDate "2020.11.30"]
[SourceVersion "1"]
[SourceVersionDate "2020.11.30"]
[SourceQuality "1"]

1. e4 Nf6 2. e5 Nd5 3. d4 d6 4. Bc4 Nb6 5. Bb3 dxe5 6. Qh5 e6 7. dxe5 Nc6 8. Nf3 Nd7 9. Bf4 g6 10. Qh3 h6 11. Nc3 Bg7 12. 0-0-0 Qe7 13. Qg4 Ndxe5 14. Nxe5 Nxe5 15. Qg3 Qc5 16. Rhe1 Nc4 17. Qd3 Nd6 18. Ne4 Qb6 19. Nxd6+ cxd6 20. Bxd6 Bd7 21. c3 0-0-0 22. Be7 Bc6 23. Bxd8 Rxd8 24. Qxd8+ Qxd8 25. Rxd8+ Kxd8 26. f3 Ke7 27. Bc2 f5 28. Bb3 Bd7 29. Kc2 g5 30. Bc4 Kd6 31. b3 Be5 32. g3 Bc6 33. f4 gxf4 34. gxf4 Bxf4 35. Rxe6+ Kd7 36. Re2 Bd6 37. Bd3 f4 38. Be4 f3 39. Bxc6+ Kxc6 40. Rf2 Kd5 41. Kd3 Bf4 42. h3 1-0

[Event "Titled Tuesday intern op 29th Sept"]
[Site "Chess.com INT"]
[Date "2020.09.29"]
[Round "6"]
[White "Terletsky, Oleg"]
[Black "Tomaszewski, Roman"]
[Result "0-1"]
[WhiteElo "2280"]
[BlackElo "2206"]
[PlyCount "88"]
[EventDate "2020.09.29"]
[EventType "swiss (blitz)"]
[EventRounds "10"]
[EventCountry "USA"]
[SourceTitle "CBM 198 Extra"]
[Source "ChessBase"]
[SourceDate "2020.11.30"]
[SourceVersion "1"]
[SourceVersionDate "2020.11.30"]
[SourceQuality "1"]

1. e4 Nf6 2. e5 Nd5 3. d4 d6 4. c4 Nb6 5. exd6 exd6 6. Nc3 Be7 7. Be3 0-0 8. Qf3 c6 9. 0-0-0 d5 10. c5 Nc4 11. Bxc4 dxc4 12. d5 Qa5 13. d6 Bd8 14. Nge2 Nd7 15. Qh5 Nf6 16. Qf3 Bg4 17. Qf4 Bxe2 18. Nxe2 Qxa2 19. Nc3 Qb3 20. h4 b6 21. g4 bxc5 22. g5 Nd5 23. Nxd5 cxd5 24. Rxd5 c3 25. bxc3 Qxd5 26. Rg1 Ba5 27. h5 Bxc3 28. h6 g6 29. Rd1 Qb3 30. Rd2 Rab8 31. Qe4 Bxd2+ 32. Kxd2 Rfe8 33. Qf4 Qd5+ 34. Ke2 Qe5 35. Qc4 Rbd8 36. Kf3 Qxd6 37. Bf4 Qd5+ 38. Qxd5 Rxd5 39. Kg4 c4 40. f3 c3 41. Bc1 c2 42. Ba3 Re3 43. Bc1 Re1 44. Ba3 c1Q 0-1

[Event "Titled Tuesday intern op 29th Sept"]
[Site "Chess.com INT"]
[Date "2020.09.29"]
[Round "5"]
[White "Tomaszewski, Roman"]
[Black "Rorrer, Grayson"]
[Result "1-0"]
[WhiteElo "2206"]
[BlackElo "2117"]
[PlyCount "61"]
[EventDate "2020.09.29"]
[EventType "swiss (blitz)"]
[EventRounds "10"]
[EventCountry "USA"]
[SourceTitle "CBM 198 Extra"]
[Source "ChessBase"]
[SourceDate "2020.11.30"]
[SourceVersion "1"]
[SourceVersionDate "2020.11.30"]
[SourceQuality "1"]

1. c4 e5 2. Nc3 Nc6 3. Nf3 Nf6 4. e3 d5 5. cxd5 Nxd5 6. Bb5 f6 7. d4 Nxc3 8. bxc3 e4 9. Nd2 f5 10. 0-0 Bd6 11. g3 0-0 12. f3 Qg5 13. Qe2 exf3 14. Qxf3 Bd7 15. Rb1 Rae8 16. Nc4 f4 17. exf4 Qg6 18. Ba3 Rxf4 19. Qg2 Rxf1+ 20. Rxf1 Bxa3 21. Nxa3 Qd6 22. Nc4 Qe7 23. Qf2 a6 24. Bxc6 Bxc6 25. Ne5 Bd5 26. c4 Be6 27. Qc2 Qd6 28. Qc3 Rd8 29. Rd1 c6 30. Kg2 Qc7 31. Kg1 1-0

[Event "Titled Tuesday intern op 15th Sept"]
[Site "Chess.com INT"]
[Date "2020.09.15"]
[Round "8"]
[White "Zhou, Qiyu"]
[Black "Tomaszewski, Roman"]
[Result "0-1"]
[WhiteElo "2229"]
[BlackElo "2206"]
[PlyCount "88"]
[EventDate "2020.09.15"]
[EventType "swiss (blitz)"]
[EventRounds "10"]
[EventCountry "USA"]
[SourceTitle "CBM 198 Extra"]
[Source "ChessBase"]
[SourceDate "2020.11.30"]
[SourceVersion "1"]
[SourceVersionDate "2020.11.30"]
[SourceQuality "1"]

1. e4 Nf6 2. e5 Nd5 3. d4 d6 4. c4 Nb6 5. exd6 exd6 6. Nc3 Be7 7. h3 0-0 8. Nf3 Nc6 9. Be2 Bf6 10. Be3 Bf5 11. Rc1 d5 12. b3 dxc4 13. bxc4 Na5 14. c5 Nbc4 15. 0-0 b6 16. cxb6 axb6 17. Nb5 Nxe3 18. fxe3 c6 19. Nc3 Re8 20. Qd2 Qe7 21. Kf2 Rad8 22. Bd3 Bxd3 23. Qxd3 b5 24. Rfe1 Nc4 25. Re2 Nd6 26. Rce1 Bh4+ 27. Nxh4 Qxh4+ 28. Kg1 b4 29. Nd1 Ne4 30. Qc4 Qe7 31. Qxc6 Ng3 32. Rf2 Rxd4 33. Qf3 Qc7 34. Nb2 Rd7 35. Rd1 Ne4 36. Rff1 Rde7 37. Nd3 Nc3 38. Rde1 Qb6 39. Kh1 Ne4 40. Nf4 Nd2 41. Qg3 Nxf1 42. Rxf1 Qd6 43. Qg4 g6 44. Nh5 f5 0-1

[Event "POL-chT 1st League"]
[Site "Ustron"]
[Date "2020.09.10"]
[Round "6.2"]
[White "Tomaszewski, Roman"]
[Black "Godzwon, Iwo"]
[Result "0-1"]
[WhiteElo "2206"]
[BlackElo "2317"]
[PlyCount "76"]
[EventDate "2020.09.05"]
[EventType "team-tourn"]
[EventRounds "9"]
[EventCountry "POL"]
[SourceTitle "CBM 198 Extra"]
[Source "ChessBase"]
[SourceDate "2020.11.30"]
[SourceVersion "1"]
[SourceVersionDate "2020.11.30"]
[SourceQuality "1"]
[WhiteTeam "Czestochowa Hetman"]
[BlackTeam "Opole Rodlo"]
[WhiteTeamCountry "POL"]
[BlackTeamCountry "POL"]

1. d4 Nf6 2. Bf4 g6 3. Nc3 d5 4. e3 Bg7 5. h4 h5 6. Nf3 Bg4 7. Be2 Bxf3 8. Bxf3 c6 9. Qd2 Nbd7 10. 0-0-0 b5 11. Kb1 Nb6 12. b3 a5 13. Be5 Nbd7 14. Bg3 a4 15. b4 Nb6 16. Be2 a3 17. Be5 e6 18. Ka1 Kf8 19. g3 Ne8 20. Bxg7+ Kxg7 21. Nb1 Nd6 22. c3 Qe7 23. Qc2 e5 24. Bd3 Qf6 25. Rhf1 Nbc4 26. Nd2 exd4 27. exd4 Rhe8 28. Bxc4 bxc4 29. Nb1 Nb5 30. Rfe1 Qf3 31. Qd2 Kg8 32. Qc2 Nd6 33. Rc1 Kg7 34. Qd2 Ne4 35. Qc2 Nxf2 36. Rxe8 Rxe8 37. Nxa3 Re2 38. Qa4 Nd3 0-1

[Event "POL-chT 1st League"]
[Site "Ustron"]
[Date "2020.09.09"]
[Round "5.5"]
[White "Nowak, Mikolaj"]
[Black "Tomaszewski, Roman"]
[Result "1-0"]
[WhiteElo "2279"]
[BlackElo "2206"]
[PlyCount "97"]
[EventDate "2020.09.05"]
[EventType "team-tourn"]
[EventRounds "9"]
[EventCountry "POL"]
[SourceTitle "CBM 198 Extra"]
[Source "ChessBase"]
[SourceDate "2020.11.30"]
[SourceVersion "1"]
[SourceVersionDate "2020.11.30"]
[SourceQuality "1"]
[WhiteTeam "Rybnik"]
[BlackTeam "Czestochowa Hetman"]
[WhiteTeamCountry "POL"]
[BlackTeamCountry "POL"]

1. d4 Nf6 2. c4 g6 3. Nc3 d5 4. Nf3 Bg7 5. cxd5 Nxd5 6. Bg5 h6 7. Bh4 Nxc3 8. bxc3 0-0 9. e3 Nc6 10. Qb3 b6 11. Be2 Na5 12. Qa3 Re8 13. 0-0 Be6 14. Nd2 c6 15. Rfd1 g5 16. Bg3 f5 17. Rac1 Bf7 18. c4 Rc8 19. Nf3 Bh5 20. Qb2 e6 21. Be5 Bxf3 22. Bxf3 Qe7 23. c5 b5 24. Bxg7 Qxg7 25. a4 a6 26. axb5 axb5 27. Ra1 g4 28. Be2 Nb7 29. Ra7 Rc7 30. Qa2 h5 31. f4 h4 32. Ra1 Kh7 33. Bd3 Kh6 34. Qf2 Qf6 35. R1a6 Ree7 36. Qa2 Nd8 37. Ra8 Red7 38. Rb6 Kg7 39. Rbb8 Qe7 40. Qa5 Kf7 41. Be2 Kf6 42. Qe1 Kg7 43. Qd1 Kh7 44. Bd3 Kh6 45. Qe2 Ra7 46. Qe1 Kh5 47. Be2 Kh6 48. Rxd8 Rxd8 49. Rxa7 1-0

[Event "POL-chT 1st League"]
[Site "Ustron"]
[Date "2020.09.07"]
[Round "3.5"]
[White "Tomaszewski, Roman"]
[Black "Szyszylo, Rafal"]
[Result "1/2-1/2"]
[WhiteElo "2206"]
[BlackElo "2188"]
[PlyCount "122"]
[EventDate "2020.09.05"]
[EventType "team-tourn"]
[EventRounds "9"]
[EventCountry "POL"]
[SourceTitle "CBM 198 Extra"]
[Source "ChessBase"]
[SourceDate "2020.11.30"]
[SourceVersion "1"]
[SourceVersionDate "2020.11.30"]
[SourceQuality "1"]
[WhiteTeam "Czestochowa Hetman"]
[BlackTeam "Ostrow Wielkopolski"]
[WhiteTeamCountry "POL"]
[BlackTeamCountry "POL"]

1. e4 d6 2. d4 g6 3. Nc3 Bg7 4. f4 Nf6 5. Nf3 c5 6. e5 Nfd7 7. exd6 0-0 8. Be3 exd6 9. Qd2 Nc6 10. 0-0-0 a6 11. f5 cxd4 12. Nxd4 Nxd4 13. Bxd4 Bxd4 14. Qxd4 Qg5+ 15. Kb1 Qxf5 16. Qxd6 Qe5 17. Bc4 Qxd6 18. Rxd6 Nc5 19. b4 Be6 20. Be2 Nd7 21. Ne4 Ne5 22. Nc5 Bc4 23. Nd7 Bxe2 24. Nxe5 Rad8 25. Rxd8 Rxd8 26. Re1 Rd1+ 27. Rxd1 Bxd1 28. a4 Be2 29. Kc1 Bf1 30. g3 Kf8 31. Kd2 Ke7 32. Ke3 f6 33. Ng4 h5 34. Nf2 Bg2 35. a5 Ke6 36. Kd4 Bc6 37. c4 g5 38. Nd3 Kf5 39. Ke3 Kg4 40. Nf2+ Kf5 41. Kd4 Bg2 42. b5 axb5 43. cxb5 h4 44. Kc5 hxg3 45. hxg3 Ke6 46. Kb6 f5 47. a6 bxa6 48. bxa6 Kd7 49. Kc5 Ke6 50. a7 Ke5 51. Nd3+ Ke6 52. Kd4 Kd6 53. Ne5 Kc7 54. Nf7 Kb7 55. Nxg5 Kxa7 56. Ke5 Kb6 57. Kxf5 Kc6 58. Kf6 Bf1 59. Nf3 Bh3 60. Nd4+ Kd7 61. Ne2 Bg4 1/2-1/2

[Event "Titled Tuesday intern op 01st Sept"]
[Site "Chess.com INT"]
[Date "2020.09.01"]
[Round "3"]
[White "Al Saffar, Araz Basim Mohammed"]
[Black "Tomaszewski, Roman"]
[Result "0-1"]
[WhiteElo "2382"]
[BlackElo "2206"]
[PlyCount "56"]
[EventDate "2020.09.01"]
[EventType "swiss (blitz)"]
[EventRounds "10"]
[EventCountry "USA"]
[SourceTitle "CBM 198 Extra"]
[Source "ChessBase"]
[SourceDate "2020.11.30"]
[SourceVersion "1"]
[SourceVersionDate "2020.11.30"]
[SourceQuality "1"]

1. d4 d5 2. Nf3 c6 3. c4 Nf6 4. Qc2 g6 5. e3 Bf5 6. Bd3 Bxd3 7. Qxd3 Bg7 8. 0-0 0-0 9. cxd5 cxd5 10. Qb3 Qd6 11. Qxb7 Nc6 12. Qa6 Ne4 13. a3 Nxd4 14. Qxd6 Nxf3+ 15. gxf3 Nxd6 16. Nc3 e6 17. Na4 Rfc8 18. Bd2 Nc4 19. Bc3 Bxc3 20. bxc3 Nd2 21. Rfc1 Nxf3+ 22. Kg2 Nd2 23. Rc2 Nc4 24. Kf3 Rab8 25. e4 dxe4+ 26. Kxe4 Rd8 27. Nc5 Rd5 28. Nd3 f5+ 0-1

[Event "Titled Tuesday intern op 01st Sept"]
[Site "Chess.com INT"]
[Date "2020.09.01"]
[Round "10"]
[White "Kiseleva, Arina"]
[Black "Tomaszewski, Roman"]
[Result "0-1"]
[WhiteElo "2024"]
[BlackElo "2206"]
[PlyCount "94"]
[EventDate "2020.09.01"]
[EventType "swiss (blitz)"]
[EventRounds "10"]
[EventCountry "USA"]
[SourceTitle "CBM 198 Extra"]
[Source "ChessBase"]
[SourceDate "2020.11.30"]
[SourceVersion "1"]
[SourceVersionDate "2020.11.30"]
[SourceQuality "1"]

1. d4 d5 2. Nf3 Nf6 3. e3 g6 4. Be2 Bg7 5. 0-0 0-0 6. b3 c5 7. Bb2 Ne4 8. Nbd2 Qa5 9. c4 Nxd2 10. Qxd2 Qxd2 11. Nxd2 cxd4 12. Bxd4 Bxd4 13. exd4 Nc6 14. Nf3 Bg4 15. Rfd1 dxc4 16. bxc4 Rac8 17. Kf1 Rfd8 18. Rab1 Rc7 19. d5 Bxf3 20. Bxf3 Ne5 21. Be2 b6 22. Rbc1 Rdc8 23. d6 exd6 24. Rxd6 Nxc4 25. Bxc4 Rxc4 26. Rxc4 Rxc4 27. g3 Ra4 28. Rd2 g5 29. f3 Kg7 30. Kf2 Ra3 31. Ke2 Kf6 32. h3 Ke5 33. Rc2 h5 34. Kf2 f5 35. Ke2 f4 36. g4 h4 37. Kf2 Kd4 38. Ke2 b5 39. Rd2+ Kc4 40. Rc2+ Rc3 41. Rd2 b4 42. Rd7 Rc2+ 43. Kd1 Rxa2 44. Rg7 a5 45. Rxg5 a4 46. Rf5 b3 47. Rf8 Ra1+ 0-1